Un tren demasiado lejos (recorte) /
Guardado en:
| Autor Principal: | |
|---|---|
| Formato: | Libro |
| Publicado: |
:
,
1992
|
| Series: | First N§ 70
|
| Materias: | |
| Etiquetas: |
Agregar Etiqueta
Sin Etiquetas, Sea el primero en etiquetar este registro!
|
| LEADER | 00461nam a22001815a 4500 | ||
|---|---|---|---|
| 001 | CEM.cems009169 | ||
| 005 | 20060214000000.0 | ||
| 008 | 130507s1992##################000#0#####d | ||
| 003 | CEMS | ||
| 082 | 0 | 4 | |a F918.2 |
| 100 | 1 | |a Garcia Gabriel | |
| 245 | 1 | 0 | |a Un tren demasiado lejos (recorte) / |
| 260 | |a : |b , |c 1992 | ||
| 300 | |a 8 p. | ||
| 490 | 0 | |a First N§ 70 | |
| 653 | |a Argentina-trenes | ||
| 653 | |a Fc | ||
| 859 | |a CEMS |b BIB. CEMS - 11 de abril |h F918.2 |i 21 |p 1457.44 |t Ej.1 | ||
